000 01048cam a2200265 a 4500
001 000011707
003 DO-SdBNP
005 20250515092446.0
008 760529s1968 es a 000 0 eng
040 _aDO-SdBNP
_bspa
_cBNPHU
082 _a641.9728
_bR173a
100 1 _aRamírez, Marco Antonio,
_d1964-
_927746
245 1 0 _aLos alimentos en Centroamérica /
_cMarco Antonio Ramírez.
260 _aSan Salvador :
_bSecretaría General de la Organización de Estados Centroamericanos,
_c1968.
300 _avi, 124 p. :
_bil. ;
_c21 cm.
490 1 _aMonografías técnicas
_v3
500 _aOriginalmente bajo el título Necesidades actuales prévisibles y de alimentos en Centroamérica y Panamá, 1965-1980.
590 _aInventariado, 2020 / DG
650 4 _aCocina
_zAmérica Central
_927747
650 0 _aAbastecimiento de alimentos
_zAmérica Central
_95254
810 1 _aOrganización de Estados Centroamericanos.
_927749
830 0 _aMonografías técnicas ;
_v3
_927750
910 _aInventariado, 2020 / DG
942 _2ddc
_cLBS1
999 _c11385
_d11385